书目信息 |
| 题名: |
凌阳8位单片机
|
|
| 作者: | 李学海 著 | |
| 分册: | 提高篇 | |
| 出版信息: | 北京 北京航空航天大学出版社 2006.03 |
|
| 页数: | 474页 | |
| 开本: | 23cm | |
| 丛书名: | ||
| 单 册: | ||
| 中图分类: | TP368.1 | |
| 科图分类: | ||
| 主题词: | 单片微型计算机--dan pian wei xing ji suan ji--基本知识 | |
| 电子资源: | ||
| ISBN: | 7-81077-753-X | |
| 000 | 00916nam0 2200253 450 | |
| 001 | 012006683875 | |
| 005 | 20061019094745.01 | |
| 010 | @a7-81077-753-X@dCNY45.00 (含光盘) | |
| 100 | @a20060914d2006 km y0chiy0120 ea | |
| 101 | 0 | @achi |
| 102 | @aCN@b110000 | |
| 105 | @aa a 000yy | |
| 200 | 1 | @a凌阳8位单片机@Aling yang 8 wei dan pian ji@i提高篇@f李学海著@Fli xue hai zhu |
| 210 | @a北京@c北京航空航天大学出版社@d2006.03 | |
| 215 | @a474页@c图@d23cm@e光盘1片 | |
| 307 | @a光盘 ISBN : 7-900669-74-4 | |
| 320 | @a有书目。 | |
| 330 | @a本书内容包括:概论、硬件架构、指令系统、汇编程序基础、集成开发环境、在线仿真技术、并行端口、中断功能,以及各个片内模块的结构原理和应用设计方法。 | |
| 517 | 1 | @a提高篇@Ati gao pian |
| 606 | 0 | @a单片微型计算机@Adan pian wei xing ji suan ji@x基本知识 |
| 690 | @aTP368.1@v4 | |
| 701 | 0 | @a李学海@Ali xue hai@4著 |
| 801 | 0 | @aCN@c20061019 |
| 905 | @apdsgxy@dTP368.1@eL302 | |
| 凌阳8位单片机.提高篇/李学海著.-北京:北京航空航天大学出版社,2006.03 |
| 474页:图;23cm+光盘1片 |
| ISBN 7-81077-753-X:CNY45.00 (含光盘) |
| 本书内容包括:概论、硬件架构、指令系统、汇编程序基础、集成开发环境、在线仿真技术、并行端口、中断功能,以及各个片内模块的结构原理和应用设计方法。 |
| ● |
| 相关链接 |
|
|
|
正题名:凌阳8位单片机
索取号:TP368.1/L302
 
预约/预借
| 序号 | 登录号 | 条形码 | 馆藏地/架位号 | 状态 | 备注 |
| 1 | 221524 | 202215245 | 自科库301/301自科库 62排7列3层/ [索取号:TP368.1/L302] | 在馆 | |
| 2 | 221525 | 202215254 | 自科库301/301自科库 62排7列3层/ [索取号:TP368.1/L302] | 在馆 |